| 000 | 00970nam a2200253 i 4500 | ||
|---|---|---|---|
| 003 | EG-ScBUE | ||
| 005 | 20231024095705.0 | ||
| 008 | 110804s1976 u f 000 0cara d | ||
| 017 | _a76 / 2372 | ||
| 020 | _a9773210111 | ||
| 040 |
_aEG-ScBUE _bara _erda _cEG-ScBUE _dEG-ScBUE |
||
| 082 | 0 | 4 |
_222 _a923.2 _bإ ب ر |
| 100 |
_926589 _aإبراهيم، أحمد حلمي، _eمؤلف. |
||
| 245 | 1 | 0 |
_aعظماء في مسيرة التاريخ : _bدي ليسبس، لينكولن، لينين، تروتسكي، موسوليني، روزفلت، غاندي / _cأحمد حلمى إبراهيم. |
| 264 | 1 |
_a[القاهرة] : _bمؤسسة روز اليوسف، _c[1976] |
|
| 300 |
_a377 صفحة ؛ _c24 سم |
||
| 336 |
_2rdacontent _aنص _btxt |
||
| 337 |
_2rdamedia _aبدون وسيط _bn |
||
| 338 |
_2rdacarrier _aمجلد _bnc |
||
| 650 |
_926587 _aالسياسيون _vتراجم. _2BUEsh |
||
| 653 | _cAugust2011 | ||
| 655 | _vReading book | ||
| 942 |
_2ddc _cBB |
||
| 999 |
_c15789 _d15789 |
||